| 000 | 00734nam a2200253Ia 4500 | ||
|---|---|---|---|
| 003 | OSt | ||
| 005 | 20220924113038.0 | ||
| 006 | a|||||r|||| 00| 0 | ||
| 007 | ta | ||
| 008 | 220923b |||||||| |||| 00| 0 eng d | ||
| 024 | _a54613 | ||
| 037 | _cDictionary | ||
| 040 |
_aARTS _cARTS _beng |
||
| 041 |
_2eng _aeng |
||
| 082 | _aP111,9B:4k, J3 | ||
| 100 |
_aBerrey L V _9169370 |
||
| 245 | 0 |
_aAmerican thesaurus of slang _b A complete reference book of colloquial speech |
|
| 260 |
_aN _bYork Thomas Y Crow Well _c1953 |
||
| 300 |
_axxxv, 1272p. _ccm. |
||
| 650 | _aLINGUISTICS | ||
| 700 |
_a Bark M V D _9169371 |
||
| 942 |
_hP111,9B:4k, J3 _cdic _2cc |
||
| 999 |
_c389069 _d389069 |
||